000 00616nam a2200217Ia 4500
003 OSt
005 20220925220410.0
006 a|||||r|||| 00| 0
007 ta
008 220923b |||||||| |||| 00| 0 eng d
037 _cGeneral Book
040 _aRTL
_cRTL
_beng
041 _2eng
_aeng
082 _aY:3217.73.N6, K9
100 _aWomble Dale L Ed.
_9284715
245 0 _aFoundations for marriage and family relations
260 _aLondon
_bMacmillan
_c1969
300 _axiii,559p
_ccm.
942 _hY:3217.73.N6, K9
_cGB
_2CC
999 _c571350
_d571350